000 00319nam a2200121Ia 4500
008 240731s9999 xx 000 0 und d
022 _a2641-5275
245 0 _aBiomaterial Investigations in Dentistry
260 _bTaylor & Francis
856 _uhttps://www.tandfonline.com/loi/iabo21
942 _2ddc
942 _cTFEJ
999 _c75625
_d75625
945 _a1
_bMadushi Gamage
_c1
_dMadushi Gamage